Practitioner's Guide to Legal Issues in Organizations

This highly useful reference outlines best practices in key areas of human resources that are not only fair and equitable, but that can withstand legal scrutiny. Industrial/organizational experts apply their empirical knowledge and practical experience to aspects of HR that are commonly litigated, i...

Πλήρης περιγραφή

Λεπτομέρειες βιβλιογραφικής εγγραφής
Συγγραφή απο Οργανισμό/Αρχή: SpringerLink (Online service)
Άλλοι συγγραφείς: Hanvey, Chester (Επιμελητής έκδοσης), Sady, Kayo (Επιμελητής έκδοσης)
Μορφή: Ηλεκτρονική πηγή Ηλ. βιβλίο
Γλώσσα:English
Έκδοση: Cham : Springer International Publishing : Imprint: Springer, 2015.
Θέματα:
Διαθέσιμο Online:Full Text via HEAL-Link
LEADER 03554nam a22004695i 4500
001 978-3-319-11143-8
003 DE-He213
005 20151120201427.0
007 cr nn 008mamaa
008 150526s2015 gw | s |||| 0|eng d
020 |a 9783319111438  |9 978-3-319-11143-8 
024 7 |a 10.1007/978-3-319-11143-8  |2 doi 
040 |d GrThAP 
050 4 |a HF5548.7-5548.85 
072 7 |a JMJ  |2 bicssc 
072 7 |a PSY021000  |2 bisacsh 
082 0 4 |a 158.7  |2 23 
245 1 0 |a Practitioner's Guide to Legal Issues in Organizations  |h [electronic resource] /  |c edited by Chester Hanvey, Kayo Sady. 
264 1 |a Cham :  |b Springer International Publishing :  |b Imprint: Springer,  |c 2015. 
300 |a XVI, 325 p. 11 illus.  |b online resource. 
336 |a text  |b txt  |2 rdacontent 
337 |a computer  |b c  |2 rdamedia 
338 |a online resource  |b cr  |2 rdacarrier 
347 |a text file  |b PDF  |2 rda 
505 0 |a Measuring Adverse Impact in Employee Selection Decisions -- Test Validation Strategies -- Test Validation Pitfalls -- Using Background Checks in the Employee Selection Process -- Physical Abilities -- Setting cut-scores -- Disabilities: Best Practices for Vulnerabilities Associated with the ADA -- Validation issues in the Public Sector -- Clinical Psychological Evaluations for Pre-Employment Selection -- Compensation Equity: Who, What, When, Where, Why, and How -- Wage and Hour Litigation. 
520 |a This highly useful reference outlines best practices in key areas of human resources that are not only fair and equitable, but that can withstand legal scrutiny. Industrial/organizational experts apply their empirical knowledge and practical experience to aspects of HR that are commonly litigated, including broad and specific topics in testing of potential employees, disability issues, compensation and pay equity, and work hours. The book is written to be accessible to readers currently in HR-related graduate-level training as well as HR practitioners with or without background in industrial/organizational psychology.  And to add to its utility, chapters feature practical strategies for addressing each of the legal issues presented.  Among the topics covered:  Measuring adverse impact in employee selection decisions. Using background checks in the employee selection process. Disabilities: best practices for vulnerabilities associated with the ADA. Physical abilities testing. Wage and hour litigation. Clinical psychological testing for employee selection. Conducting compensation equity analyses. Practitioner’s Guide to Legal Issues in Organizations brings clear, up-to-date information to graduate students studying human resources, management, industrial/organizational psychology who are interested in legal issues, as well as applied HR practitioners such as industrial/organizational psychologists, human resources generalists, management and labor economists. 
650 0 |a Psychology. 
650 0 |a Industrial psychology. 
650 0 |a Supervision. 
650 0 |a Counseling. 
650 1 4 |a Psychology. 
650 2 4 |a Industrial, Organisational and Economic Psychology. 
650 2 4 |a Law and Psychology. 
650 2 4 |a Consulting - Supervision - Coaching. 
700 1 |a Hanvey, Chester.  |e editor. 
700 1 |a Sady, Kayo.  |e editor. 
710 2 |a SpringerLink (Online service) 
773 0 |t Springer eBooks 
776 0 8 |i Printed edition:  |z 9783319111421 
856 4 0 |u http://dx.doi.org/10.1007/978-3-319-11143-8  |z Full Text via HEAL-Link 
912 |a ZDB-2-BHS 
950 |a Behavioral Science (Springer-11640)